| 000 | 00337nam a2200121Ia 4500 | ||
|---|---|---|---|
| 008 | 230907s9999||||xx |||||||||||||| ||und|| | ||
| 082 |
_a621.317 _bRAO |
||
| 100 |
_aRao, Sunil S. _9115381 |
||
| 245 | 0 | _aSwitchgear protection and power systems / | |
| 260 |
_aKhanna Publishers, _bDelhi : _c2015 |
||
| 300 | _axxxviii, 1339 p. | ||
| 942 | _cBK | ||
| 999 |
_c598292 _d598292 |
||